000 00879pam a2200241 a 4500
999 _c19848
_d19848
001 16166093
005 20170117155714.0
008 100331s2007 moua b 001 0 eng
010 _a 2010287058
020 _a9780323036900
040 _aDLC
_cDLC
050 0 0 _aRT41
_b.M43 2007
245 0 0 _aMedical-surgical nursing :
_bassessment and management of clinical problems /
_c[edited by] Sharon L. Lewis ... [et al.].
250 _a7th ed.
260 _aSt. Louis, Mo. :
_bMcGraw-Hill,
_cc2007.
300 _a1 v. (various paging) :
_bill. (some col.) ;
_c29 cm.
_e1 CD ROM (4 3/4 in.)
650 0 _aNursing.
650 0 _aSurgical nursing.
700 1 _aLewis, Sharon Mantik.
942 _2lcc
_cBOOKS
_hRT41 .M43 2007